000 00533nam a2200193Ia 4500
003 GCL
008 140319s9999 xx 000 0 ara d
040 _aGCL /
_cGCL
082 0 4 _a900.2
_bر م
100 1 _aاسد رستم
245 1 0 _aمصطلح التاريخ /
_cاسد رستم
260 _a[S.N] :
_bدار الكتب المصرية
300 _a227 ص
490 _aبطولات اسلامية
_v0
650 0 4 _aالاسلام
650 0 4 _aالدين
650 0 4 _aعلم رواية الحديث
942 _2ddc
_cBK
999 _c58471
_d58471